| 000 | 00600nam a2200193 i 4500 | ||
|---|---|---|---|
| 001 | bg | ||
| 245 | 0 | 0 |
_aNiemcy w świetle faktów i liczb / _c[przekł. z niem. Christoph Schuwalski. |
| 260 |
_a[Frankfurt n. Menem : _bSocietäts-Verl., _c1993]. |
||
| 300 |
_a414, [1] s. : _bfot., mapy, rys., wykr. (w tym kolor.) ; _c19 cm + _ePrzegląd struktur federalnych i krajowych. |
||
| 504 | _aIndeks. | ||
| 651 | 9 | _aNiemcy | |
| 020 | _a3797305346 | ||
| 040 | _cBPK | ||
| 041 | 1 |
_apl _hdede |
|
| 080 | _a914.301 | ||
| 920 | _a3-79-73-0534-6 | ||
| 942 | _cKS | ||
| 008 | s pl f |000 0 pol | ||
| 999 |
_c31471 _d31471 |
||
| 856 |
_uhttp://koha.tu.koszalin.pl/cgi-bin/koha/opac-detail.pl?biblionumber=31471 _yKatalog online BPK |
||